| Tag |
First Indicator |
Second Indicator |
Subfields |
| LEADER |
00000cam a2200000 a 4500 |
| 001 |
in00002188751 |
| 005 |
20151104070022.0 |
| 008 |
060804s2006 enkf 001 0 eng |
| 015 |
|
|
|a GBA669338
|2 bnb
|
| 016 |
7 |
|
|a 013530627
|2 Uk
|
| 020 |
|
|
|a 0826490573
|
| 035 |
|
|
|a (OCoLC)ocm70985001
|
| 040 |
|
|
|a UKM
|c UKM
|d UtOrBLW
|
| 042 |
|
|
|a ukscp
|
| 049 |
|
|
|a TXAM
|
| 090 |
|
|
|a JZ5538
|b .M37 2006
|
| 100 |
1 |
|
|a Martin, Harriet.
|
| 245 |
1 |
0 |
|a Kings of peace, pawns of war :
|b the untold story of peace-making /
|c by Harriet Martin ; foreword by Kofi Annan.
|
| 264 |
|
1 |
|a London ;
|a New York :
|b Continuum,
|c 2006.
|
| 300 |
|
|
|a xiii, 184 pages, 4 unnumbered pages of plates :
|b illustrations ;
|c 23 cm.
|
| 336 |
|
|
|a text
|b txt
|2 rdacontent
|
| 337 |
|
|
|a unmediated
|b n
|2 rdamedia
|
| 338 |
|
|
|a volume
|b nc
|2 rdacarrier
|
| 504 |
|
|
|a Includes bibliographical references and index.
|
| 650 |
|
0 |
|a Reconciliation.
|
| 650 |
|
0 |
|a Peace-building.
|
| 650 |
|
0 |
|a Peacekeeping forces.
|
| 650 |
|
0 |
|a Peace movements.
|
| 945 |
|
|
|i PromptCat
|
| 947 |
|
|
|a A14834363550
|
| 948 |
|
|
|a cataloged
|b h
|c 2006/9/1
|d c
|e jgreene
|f 11:57:03 am
|
| 994 |
|
|
|a 92
|b TXA
|
| 999 |
|
|
|a MARS
|
| 999 |
f |
f |
|s 91a838db-a0f1-3047-bf38-b30a1ca9ef1d
|i 2dd12207-ae2f-3dc7-bfc4-7e28c036842d
|t 0
|
| 952 |
f |
f |
|p ric
|a Texas A&M University
|b Rellis Campus
|c Joint Library Facility
|d Remote Storage
|t 0
|e JZ5538 .M37 2006
|h Library of Congress classification
|i unmediated -- volume
|m A14834363550
|
| 998 |
f |
f |
|a JZ5538 .M37 2006
|t 0
|l Remote Storage
|